Normal view
MARC view
- Compuer Science-Project Report.
Entry Topical Term
001 - CONTROL NUMBER
- control field: 30815
003 - CONTROL NUMBER IDENTIFIER
- control field: NUST
005 - DATE AND TIME OF LATEST TRANSACTION
- control field: 20200925160411.0
008 - FIXED-LENGTH DATA ELEMENTS
- fixed length control field: 200925|| aca||aabn | a|a d
040 ## - CATALOGING SOURCE
- Original cataloging agency: NUST
- Transcribing agency: NUST
150 ## - HEADING--TOPICAL TERM
- Topical term or geographic name entry element: Compuer Science-Project Report.
670 ## - SOURCE DATA FOUND
- Source citation: Work cat.: (NUST): Malik, Ammad ; Waheed, Awas ; Muhammd Suchal Raiz ; Khalid Usma. 30814, HELPING BLOCKS /, 2019.
